Rural women's power in South Asia : (Record no. 37571)
[ view plain ]
| 000 -LEADER | |
|---|---|
| fixed length control field | 01092nam a22002297a 4500 |
| 020 ## - INTERNATIONAL STANDARD BOOK NUMBER | |
| ISBN | 9781349960101 |
| 041 ## - LANGUAGE CODE | |
| Language code of text/sound track or separate title | English |
| 082 ## - DEWEY DECIMAL CLASSIFICATION NUMBER | |
| Classification number | 305.420954 |
| Item number | OBE-R |
| 100 ## - MAIN ENTRY--AUTHOR NAME | |
| Personal name | Obeng, Pashington |
| Relator term | author. |
| 245 ## - TITLE STATEMENT | |
| Title | Rural women's power in South Asia : |
| Sub Title | Understanding shakti / |
| Statement of responsibility, etc | Pashington Obeng |
| 260 ## - PUBLICATION, DISTRIBUTION, ETC. (IMPRINT) | |
| Place of publication | UK : |
| Name of publisher | Palgrave macmillan, |
| Year of publication | 2014. |
| 300 ## - PHYSICAL DESCRIPTION | |
| Number of Pages | xiii, 186p. |
| 504 ## - BIBLIOGRAPHY, ETC. NOTE | |
| Bibliography, etc | Include bibliography and index. |
| 520 ## - SUMMARY, ETC. | |
| Summary, etc | This book investigates how women's power and caste cleavages often continue to transcend and crosscut the boundaries of caste/tribe, gender, age, class and religion in India, Pakistan and Bangladesh It examines the gendered divisions of labor in rural communities and how countervailing forces have restricted women's status and roles in South Asia. |
| 546 ## - LANGUAGE NOTE | |
| Language note | English. |
| 650 ## - SUBJECT ADDED ENTRY--TOPICAL TERM | |
| Topical Term | Rural women |
| General subdivision | Social conditions. |
| Geographic subdivision | South Asia. |
| 650 ## - SUBJECT ADDED ENTRY--TOPICAL TERM | |
| Topical Term | Rural women |
| General subdivision | Government policy |
| Geographic subdivision | South Asia. |
| 650 ## - SUBJECT ADDED ENTRY--TOPICAL TERM | |
| Topical Term | Women in rural development |
| Geographic subdivision | South Asia. |
| 650 ## - SUBJECT ADDED ENTRY--TOPICAL TERM | |
| Topical Term | Social structure |
| Geographic subdivision | South Asia. |
| 650 ## - SUBJECT ADDED ENTRY--TOPICAL TERM | |
| Topical Term | South Asia |
| Geographic subdivision | Rural conditions. |
| 942 ## - ADDED ENTRY ELEMENTS (KOHA) | |
| Source of classification or shelving scheme | Dewey Decimal Classification |
| Koha item type | Books |
| Withdrawn status | Lost status | Damaged status | Not for loan | Home library | Current library | Date acquired | Source of acquisition | Cost, normal purchase price | Full call number | Accession Number | Cost, replacement price | Price effective from | Koha item type |
|---|---|---|---|---|---|---|---|---|---|---|---|---|---|
| NASSDOC Library | NASSDOC Library | 16/03/2023 | Overseas | 0.00 | 305.420954 OBE-R | 53190 | 0.00 | 04/05/2023 | Books |
